000 00731nam a2200265Ia 4500
001 Para_4997
003 CHAP
008 220125s1934 xx 000 0 und d
010 _a203454
040 _cCHAP
090 _aPA FOLLETO 2356
100 _aMcConnell, H. S.
_973417
245 _aThe oriental fruit moth in Maryland /
_c H. S. McConnell
260 _aCollege Park :
_b University of Maryland
300 _ap. 411-56
440 _aMaryland Agr. Exp. Sta. Bull.; 364
_9169245
650 _aGrapholitha molesta
_950439
901 _aPA FOLLETO 2356
902 _aA
905 _a0000001934 ck 0000000000 00
910 _a1934
942 _cPARA
942 _cPARA
_d1
999 _c203454
_d203454